000
00329nam a2200133Ia 4500
008
191201s2018 xx 000 0 und d
082
_a
615.1 SIH
100
_a
SIDDIQUI, Rafat
245
0
_a
Hospital & Clinical Pharmacy
260
_b
Tara Pub
_a
New Delhi
_c
2018
300
_a
199
650
_a
Clinical Pharmacy
942
_2
ddc
_c
BK
999
_c
8265
_d
8265